MARC details
| 000 -LEADER |
| campo de control de longitud fija |
00637nam a22002297a 4500 |
| 001 - NÚMERO DE CONTROL |
| campo de control |
00028935 |
| 005 - FECHA Y HORA DE LA ÚLTIMA TRANSACCIÓN |
| campo de control |
20260428192347.0 |
| 008 - DATOS DE LONGITUD FIJA--INFORMACIÓN GENERAL |
| campo de control de longitud fija |
260428b ag ||||| |||| 00| 0 spa d |
| 020 ## - NÚMERO INTERNACIONAL ESTÁNDAR DEL LIBRO |
| Número Internacional Estándar del Libro |
8475839126 |
| 040 ## - FUENTE DE CATALOGACIÓN |
| Centro catalogador/agencia de origen |
AR-CcCEOS |
| Lengua de catalogación |
Español; Castellano |
| Centro/agencia transcriptor |
AR-CcCEOS |
| 041 ## - CÓDIGO DE IDIOMA |
| Código de lengua del texto/banda sonora o título independiente |
Español; Castellano |
| 080 ## - NÚMERO DE LA CLASIFICACIÓN DECIMAL UNIVERSAL |
| Número de la Clasificación Decimal Universal |
94:7(6) |
| 090 ## - LOCALMENTE ASIGNADO TIPO-LC NÚMERO DE CLASIFICACIÓN (OCLC); NÚMERO DE CLASIFICACIÓN LOCAL (RLIN) |
| Número cutter local (OCLC) ; Número de libro/Signatura topográfica íntegra, CALL (RLIN) |
MUR v.1 |
| 100 1# - ENTRADA PRINCIPAL--NOMBRE DE PERSONA |
| Nombre de persona |
Murray, Jocelyn, |
| Fechas asociadas al nombre |
1929- |
| 9 (RLIN) |
1144 |
| 245 ## - MENCIÓN DEL TÍTULO |
| Título |
África : |
| Resto del título |
El despertar de un continente : Volumen I / |
| Mención de responsabilidad, etc. |
Jocelyn Murray |
| 264 ## - PRODUCCIÓN, PUBLICACIÓN, DISTRIBUCIÓN, FABRICACIÓN Y COPYRIGHT |
| Producción, publicación, distribución, fabricación y copyright |
Barcelona : |
| Nombre del de productor, editor, distribuidor, fabricante |
Folio, |
| Fecha de producción, publicación, distribución, fabricación o copyright |
1995. |
| 300 ## - DESCRIPCIÓN FÍSICA |
| Extensión |
106 p. ; |
| Dimensiones |
24x18 cm. |
| 490 ## - MENCIÓN DE SERIE |
| Designación de volumen o secuencia |
Atlas culturales del mundo |
| 650 #0 - PUNTO DE ACCESO ADICIONAL DE MATERIA--TÉRMINO DE MATERIA |
| Término de materia o nombre geográfico como elemento de entrada |
historia |
| 9 (RLIN) |
90 |
| 655 #0 - TERMINO DE INDIZACIÓN--GENERO/FORMA |
| Datos o término principal de género/forma |
arte |
| 9 (RLIN) |
138 |
| 942 ## - ELEMENTOS DE ENTRADA SECUNDARIOS (KOHA) |
| Fuente de la clasificación o esquema de estantería |
Clasificación decimal universal |
| Tipo de ítem Koha |
Libros |
| Suprimir en OPAC |
No |